000 01080nam a22002297a 4500
003 NALT
005 20251125232934.0
008 s2546 th tha d
020 _a9749645588
040 _aNALT
041 _atha
090 _aKP21
_bว574ก 2546
100 0 _aวิฑูรย์ อึ้งประพันธ์
245 1 0 _aกฎหมายการแพทย์ :
_bความรับผิดทางกฎหมายของผู้ประกอบวิชาชีพด้านการแพทย์และสาธารณสุข /
_cวิฑูรย์ อึ้งประพันธ์.
260 3 _aกรุงเทพฯ :
_bวิญญูชน,
_c2546
300 _a280 หน้า ;
_b26 ซม.
650 0 4 _aการแพทย์ -- กฎหมายและระเบียบข้อบังคับ
850 _aNALT
856 4 0 _uhttps://hdl.handle.net/20.500.14156/461461
942 _cLB
_2lcc
999 _c40172
_d40172
998 _j111
_k นางสาวพจพิณ พรมเอี่ยม